| 000 | 00989cam a22002531 4500 | ||
|---|---|---|---|
| 001 | sd 30000020 | ||
| 003 | DLC | ||
| 005 | 20260227112732.0 | ||
| 008 | 840703s1929 fr u000 0 fre | ||
| 010 | _asd 30000020 | ||
| 035 | _a(OCoLC)27414416 | ||
| 040 |
_aDLC _cMdBJ _dOCoLC _dDLC |
||
| 042 | _apremarc | ||
| 050 | 0 | 0 |
_aJX1907 _b.C75 1929 no. 4 |
| 100 | 1 |
_aLe Trocquer,Yves, _d1877- |
|
| 245 | 1 | 0 |
_a"Union douanière Européenne". _cConférence de M. Yves Le Trocquer ... Annexes documentaires ... |
| 260 |
_aParis, _bPublications de la Conciliation internationale _c[1929] |
||
| 300 |
_a2 p.l., [7]-93 p. _c19 cm. |
||
| 490 | 1 |
_aConciliation internationale, _v[1929] Bulletin no. 4 |
|
| 500 | _aAt head of title: Dotation Carnegie pour la paix internationale. Division des relations internationales & de l'éducation. Centre européen. | ||
| 650 | 0 |
_aTariff _zEurope. |
|
| 651 | 0 |
_aEurope _xCommercial policy. |
|
| 810 | 2 |
_aConciliation internationale. _tBulletin ; _v[1929] no. 4. |
|
| 999 |
_c89791 _d89791 |
||